Minerały w Biblii - Statystyki

Ogólne statystyki
  • Ten quiz został rozwiązany 67 razy
  • Średni wynik to 11 z 32
Statystyki odpowiedzi
Minerał % Poprawnych
Złoto
92%
Srebro
83%
Miedź
73%
Rubin
67%
Diament
65%
Węgiel
63%
Kryształ
56%
Szmaragd
56%
Żelazo
54%
Ołów
50%
Ametyst
46%
Siarka
46%
Szafir
42%
Cyna
40%
Opal
29%
Topaz
29%
Onyks
23%
Agat
21%
Beryl
21%
Jaspis
17%
Perła
17%
Chalcedon
13%
Karneol
13%
Granat
10%
Koral
8%
Chryzolit
4%
Chryzopraz
4%
Hiacynt
4%
Lód
4%
Sardonyks
4%
Karbunkuł
2%
Tarszisz
2%
Nie znaleziono quizów pasujących do podanych kryteriów
Rozkład punktacji
Procent ludzi z każdym wynikiem
Percentyl według liczby udzielonych odpowiedzi
Twoja historia wyników
Nie rozwiązałeś tego quizu